000 00386nam a2200133Ia 4500
008 100328s9999 xx 000 0 und d
082 _b46679
100 _aघाणेकर माुसूदन
245 _aविवाह सौख्य
260 _bसुयोग
630 _aविवाह सौख्य
730 _aविवाह सौख्य
942 _cBOOK
999 _c534613
_d534610